000 01530cam a2200277 a 4500
001 000010898
005 20200929162320.0
008 960214s1994 ck a b 000 0 spa
020 _a9589057454
040 _aDO-SdBNP
_bspa
_cBNPHU
082 _a581.634
_bS386b
100 1 _aSchultes, Richard Evans,
_d1915-2001.
_926272
240 1 0 _aVine of the soul: medicine, men, their plants and rituals in the Colombia Amazona.
_lEspañol.
245 1 3 _aEl bejuco del alma :
_blos médicos tradicionales de la amazonia colombiana, sus plantas y sus rituales /
_cRichard Evans Schultes, Robert F. Raffauf ; prólogo de Ghillean T. Prance ; epílogo de Michael J. Balick ; traduccíon, Carlos Alberto Uribe Tobón.
260 _aSantafé de Bogota :
_bUniandes :
_aMedellín :
_bUniversidad de Antioquia :
_aSantafé de Bogotá :
_bUniversidad de Antioquia :
_bBanco de la República,
_c1994.
300 _avii, 284 p. :
_bil. ;
_c26 cm.
504 _aBibliografía: (p. 281-284).
534 _pTítulo original en inglés:
_tVine of the soul: medicine, men, their plants and rituals in the Colombia Amazona.
650 4 _aPlantas medicinales
_zColombia
_926273
650 4 _aIndígenas de américa del sur
_xEtnobotánica
_zColombia.
_926274
650 4 _aIndígenas de américa del sur
_zColombia
_xRitos y ceremonias.
_926275
650 4 _aChamanismo
_zColombia.
_926276
700 1 _aRaffauf, Robert F.
_q(Robert Francis),
_d1916-
_926277
700 1 _aPrance, Ghillean T.,
_epról.
_926278
700 1 _aUribe Tobón, Carlos Alberto,
_etr.
_926279
999 _c10637
_d10637